| 000 | 00901nam a2200253 u 4500 | ||
|---|---|---|---|
| 001 | 000056986 | ||
| 005 | 20200120223412.0 | ||
| 008 | 130625s2011 ck jr 000 0 spa d | ||
| 020 | _a9789584532350 | ||
| 041 | 0 | _a//spa | |
| 090 |
_aJC _bAPAh |
||
| 100 | 1 | _aAparicio, María Cristina. | |
| 245 | 1 | 0 |
_aHistorias de la cuchara : _bcuentos latinoamericanos sobre historia y buen comer / _cMaría Cristina Aparicio. |
| 250 | _a1a. ed. | ||
| 260 |
_aBogotá : _bEditorial Norma, _c2011. |
||
| 300 | _a156 p. | ||
| 490 | 0 | _aZona libre | |
| 500 | _aEj.1 de la Biblioteca Madrid ISBN: 9789584544582. | ||
| 500 | _aEj.1 de la Biblioteca Mosquera con ISBN : 9789584544582 ; Ej.1 del Biblioparque Funza con ISBN : 9789584544582. | ||
| 650 | 1 | 4 | _aCuentos juveniles colombianos |
| 650 | 2 | 4 | _aLiteratura juvenil colombiana. |
| 650 | 2 | 4 | _aGastronomía en la literatura |
| 650 | 2 | 4 | _aCocina en la literatura. |
| 999 |
_c6283 _d6283 |
||